00577cam a22001813a 450000100060000000300060000600500170001200800410002904000150007004200070008510000250009224501280011726000290024550600300027451600200030483000290032485600420035335167PGUSA20140828083746.0110204s2011||||xxu|||||s|||||000 | eng d aPGUSAbeng adc1 aJohnes, Arthur James10aPhilological Proofs of the Original Unity and Recent Origin of the Human Raceh[electronic resource] /cArthur James Johnes bProject Gutenberg,c2011 aPublic domain in the USA. aElectronic text 0aProject Gutenbergv3516740uhttp://www.gutenberg.org/ebooks/35167